000 00556nam a2200181Ia 4500
003 SGT
020 _a9788131717400
082 _a530
_bGER
100 _aGerald,C.F
245 _aApplied Numerical Analysis
250 _a7th Ed.
260 _bPearson
_aN.Delhi
_c2011
300 _a609p.
650 _aENGINEERING PHYSICS
653 _aPRELIMINARIES,SOLVING NONLINEAR EQUATIONS,SOLVING SETS OF EQUATIONS,INTERPOLATION AND CURVE FITTING,APPROXIMATION OF FUNCTIONS.NUMERICAL DIFFERENTIATION AND INTEGRATION
700 _aWheatley,P.O
942 _2ddc
_cBK
_01
999 _c5142
_d5142